000
00291nam a22001337a 4500
008
170203b xxu||||| |||| 00| 0 eng d
020
_a
9780878579181
041
_a
eng
080
_a
61
100
_a
3
101
_a
SHM
245
_a
LISTEN TO YOUR BODY
_c
SHERMAN JANE
942
_2
udc
_c
BK
999
_c
4456
_d
4456